Loading...
Jurisprudence vol.3 the scope and subject matter
| Hovedforfatter: | |
|---|---|
| Format: | Printed Book |
| Udgivet: |
New Jersey
Law Book Exchange
2000
|
| Fag: |
| LEADER | 00534nam a22001577a 4500 | ||
|---|---|---|---|
| 020 | |a 1-58477-119-4 | ||
| 074 | |a 4162 | ||
| 082 | |a 340 POU.3'00 | ||
| 100 | |a Pound,Roscoe |9 78 | ||
| 245 | |a Jurisprudence vol.3 the scope and subject matter | ||
| 260 | |a New Jersey |b Law Book Exchange |c 2000 | ||
| 300 | |a 738p. | ||
| 500 | |a include index | ||
| 653 | |a Law |a Jurisprudence | ||
| 999 | |c 86 |d 86 | ||
| 952 | |0 0 |1 0 |2 ddc |4 0 |6 340_100000000000000_POU00V_3 |7 0 |9 132 |a NUALS |b NUALS |c GEN |d 2009-06-17 |l 2 |o 340.1 POU'00(V.3) |p 4162 |r 2018-11-28 |s 2018-11-15 |w 2009-06-17 |y BK | ||